[Event "DVM U12w 2024"]
[Site "Bad Homburg GER"]
[Date "2024.12.28"]
[Round "3"]
[White "Frank, Elisa"]
[Black "Gelbach, Amelia"]
[Result "0-1"]
[Termination "normal"]
[Board "9.3"]
[WhiteElo "801"]
[BlackElo "809"]
[WhiteClock "01:29:15"]
[BlackClock "01:16:44"]
[WhiteTeam "SG Leipzig"]
[BlackTeam "SG Porz 2"]
[PlyCount "90"]
[WhiteFideId "533025967"]
[BlackFideId "34682732"]
[EventCountry "GER"]
[EventRounds "7"]
[EventType "team-swiss"]
[EventDate "2024.12.26"]

1. e4 {[%clk 01:30:59]} e5 {[%clk 01:30:37]} {[%emt 00:00:24]} 2. Nf3 {[%clk
01:31:26]} {[%emt 00:00:03]} Nc6 {[%clk 01:30:47]} {[%emt 00:00:19]} 3. Bc4
{[%clk 01:31:40]} {[%emt 00:00:17]} Nf6 {[%clk 01:30:52]} {[%emt 00:00:25]} 4.
d3 {[%clk 01:31:48]} {[%emt 00:00:23]} b6 {[%clk 01:28:04]} {[%emt 00:03:17]}
5. O-O {[%clk 01:31:47]} {[%emt 00:00:31]} Bb7 {[%clk 01:28:17]} {[%emt
00:00:16]} 6. Bd5 {[%clk 01:30:53]} {[%emt 00:01:24]} Nxd5 {[%clk 01:26:41]}
{[%emt 00:02:06]} 7. exd5 {[%clk 01:31:08]} {[%emt 00:00:16]} Nd4 {[%clk
01:26:53]} {[%emt 00:00:18]} 8. Nxe5 {[%clk 01:30:58]} {[%emt 00:00:40]} Bxd5
{[%clk 01:26:45]} {[%emt 00:00:38]} 9. Nc3 {[%clk 01:30:27]} {[%emt 00:01:01]}
Bd6 {[%clk 01:26:41]} {[%emt 00:00:32]} 10. Be3 {[%clk 01:30:13]} {[%emt
00:00:46]} Nf5 {[%clk 01:26:38]} {[%emt 00:00:33]} 11. Bf4 {[%clk 01:30:03]}
{[%emt 00:00:36]} Be6 {[%clk 01:24:56]} {[%emt 00:02:16]} 12. Qe2 {[%clk
01:30:08]} {[%emt 00:00:26]} Nd4 {[%clk 01:24:15]} {[%emt 00:01:10]} 13. Qe4
{[%clk 01:29:38]} {[%emt 00:01:00]} Nxc2 {[%clk 01:21:46]} {[%emt 00:02:58]}
14. Rac1 {[%clk 01:29:37]} {[%emt 00:00:32]} Nb4 {[%clk 01:21:59]} {[%emt
00:00:17]} 15. a3 {[%clk 01:28:50]} {[%emt 00:01:17]} Na6 {[%clk 01:21:51]}
{[%emt 00:00:38]} 16. Nb5 {[%clk 01:28:49]} {[%emt 00:00:31]} Nc5 {[%clk
01:18:30]} {[%emt 00:03:51]} 17. Qb4 {[%clk 01:28:24]} {[%emt 00:00:56]} Bxe5
{[%clk 01:18:36]} {[%emt 00:00:23]} 18. Bxe5 {[%clk 01:28:42]} {[%emt
00:00:13]} Nxd3 {[%clk 01:18:09]} {[%emt 00:00:56]} 19. Nxc7+ {[%clk 01:28:05]}
{[%emt 00:01:07]} Qxc7 {[%clk 01:17:26]} {[%emt 00:01:13]} 20. Qd4 {[%clk
01:27:48]} {[%emt 00:00:47]} Qxe5 {[%clk 01:17:03]} {[%emt 00:00:53]} 21. Qxd3
{[%clk 01:28:08]} {[%emt 00:00:09]} O-O {[%clk 01:17:08]} {[%emt 00:00:26]} 22.
f4 {[%clk 01:28:20]} {[%emt 00:00:18]} Qxb2 {[%clk 01:16:52]} {[%emt 00:00:45]}
23. Rce1 {[%clk 01:27:50]} {[%emt 00:01:01]} Qa2 {[%clk 01:16:31]} {[%emt
00:00:51]} 24. f5 {[%clk 01:27:54]} {[%emt 00:00:25]} Bc4 {[%clk 01:16:40]}
{[%emt 00:00:21]} 25. Qf3 {[%clk 01:27:34]} {[%emt 00:00:37]} Bxf1 {[%clk
01:16:38]} {[%emt 00:00:45]} 26. Rxf1 {[%clk 01:27:55]} {[%emt 00:00:09]} f6
{[%clk 01:16:05]} {[%emt 00:01:04]} 27. Qg4 {[%clk 01:27:21]} {[%emt 00:01:03]}
Rac8 {[%clk 01:15:14]} {[%emt 00:01:21]} 28. h3 {[%clk 01:27:37]} {[%emt
00:00:15]} Qxa3 {[%clk 01:15:22]} {[%emt 00:00:21]} 29. Qh5 {[%clk 01:27:29]}
{[%emt 00:00:38]} Rc1 {[%clk 01:15:12]} {[%emt 00:00:39]} 30. Qe2 {[%clk
01:27:16]} {[%emt 00:00:44]} Rfc8 {[%clk 01:15:02]} {[%emt 00:00:39]} 31. Re1
{[%clk 01:26:40]} {[%emt 00:01:07]} Rxe1+ {[%clk 01:15:15]} {[%emt 00:00:18]}
32. Qxe1 {[%clk 01:27:03]} {[%emt 00:00:07]} Rc1 {[%clk 01:15:07]} {[%emt
00:00:38]} 33. Qxc1 {[%clk 01:27:06]} {[%emt 00:00:28]} Qxc1+ {[%clk 01:15:22]}
{[%emt 00:00:15]} 34. Kh2 {[%clk 01:27:19]} {[%emt 00:00:17]} Qf4+ {[%clk
01:15:26]} {[%emt 00:00:25]} 35. Kg1 {[%clk 01:26:34]} {[%emt 00:01:15]} Qxf5
{[%clk 01:15:44]} {[%emt 00:00:13]} 36. g4 {[%clk 01:26:57]} {[%emt 00:00:07]}
Qc5+ {[%clk 01:15:53]} {[%emt 00:00:20]} 37. Kh2 {[%clk 01:27:16]} {[%emt
00:00:12]} a5 {[%clk 01:15:48]} {[%emt 00:00:35]} 38. Kg3 {[%clk 01:27:31]}
{[%emt 00:00:15]} a4 {[%clk 01:16:07]} {[%emt 00:00:11]} 39. h4 {[%clk
01:27:54]} {[%emt 00:00:07]} a3 {[%clk 01:15:15]} {[%emt 00:01:22]} 40. h5
{[%clk 01:28:12]} {[%emt 00:00:13]} a2 {[%clk 01:15:37]} {[%emt 00:00:07]} 41.
Kh4 {[%clk 01:28:37]} {[%emt 00:00:05]} a1=Q {[%clk 01:15:50]} {[%emt
00:00:17]} 42. h6 {[%clk 01:28:44]} {[%emt 00:00:24]} Qg5+ {[%clk 01:15:51]}
{[%emt 00:00:29]} 43. Kh3 {[%clk 01:28:58]} {[%emt 00:00:13]} Qa3+ {[%clk
01:16:07]} {[%emt 00:00:15]} 44. Kh2 {[%clk 01:29:04]} {[%emt 00:00:24]} Qd2+
{[%clk 01:16:27]} {[%emt 00:00:11]} 45. Kh1 {[%clk 01:29:15]} {[%emt 00:00:19]}
Qa1# {[%clk 01:16:44]} {[%emt 00:00:12]} 0-1

[Event "DVM U12w 2024"]
[Site "Bad Homburg GER"]
[Date "2024.12.28"]
[Round "3"]
[White "Brandt, Thea"]
[Black "Dennhardt, Mira"]
[Result "1-0"]
[Termination "normal"]
[Board "9.4"]
[WhiteElo "794"]
[BlackElo "830"]
[WhiteClock "01:29:50"]
[BlackClock "01:17:23"]
[WhiteTeam "SG Porz 2"]
[BlackTeam "SG Leipzig"]
[PlyCount "73"]
[WhiteFideId "34682015"]
[BlackFideId "533025975"]
[EventCountry "GER"]
[EventRounds "7"]
[EventType "team-swiss"]
[EventDate "2024.12.26"]

1. e4 {[%clk 01:30:56]} {[%emt 00:00:02]} e5 {[%clk 01:30:59]} {[%emt
00:00:02]} 2. Nf3 {[%clk 01:31:18]} {[%emt 00:00:08]} Nc6 {[%clk 01:31:12]}
{[%emt 00:00:17]} 3. Nc3 {[%clk 01:31:40]} {[%emt 00:00:08]} Bc5 {[%clk
01:31:12]} {[%emt 00:00:30]} 4. Bc4 {[%clk 01:31:28]} {[%emt 00:00:42]} d6
{[%clk 01:31:33]} {[%emt 00:00:10]} 5. Bb5 {[%clk 01:31:48]} {[%emt 00:00:10]}
Bd7 {[%clk 01:31:18]} {[%emt 00:00:45]} 6. d3 {[%clk 01:32:04]} {[%emt
00:00:14]} Nf6 {[%clk 01:31:36]} {[%emt 00:00:12]} 7. O-O {[%clk 01:32:00]} O-O
{[%clk 01:31:38]} {[%emt 00:01:02]} 8. Bg5 {[%clk 01:31:49]} Bg4 {[%clk
01:31:58]} {[%emt 00:00:51]} 9. Nd5 {[%clk 01:31:47]} Qd7 {[%clk 01:31:01]}
{[%emt 00:01:59]} 10. Nxf6+ {[%clk 01:31:04]} gxf6 {[%clk 01:30:56]} {[%emt
00:01:48]} 11. Bxf6 {[%clk 01:31:20]} a6 {[%emt 00:01:31]} 12. Bxc6 Qxc6 13. h3
Bh5 14. g4 Bg6 15. Nh4 d5 {[%clk 01:30:10]} 16. Nxg6 {[%clk 01:31:42]} fxg6
{[%emt 00:11:16]} 17. Bxe5 Qb6 {[%clk 01:23:53]} 18. d4 {[%clk 01:30:51]} Be7
{[%clk 01:21:51]} {[%emt 00:04:12]} 19. Qd2 {[%emt 00:03:45]} Bf6 20. c3 {[%clk
01:29:54]} Bxe5 {[%clk 01:20:34]} {[%emt 00:00:48]} 21. dxe5 {[%clk 01:30:02]}
{[%emt 00:00:22]} Rad8 {[%clk 01:19:48]} {[%emt 00:01:13]} 22. exd5 {[%clk
01:30:08]} {[%emt 00:00:27]} c6 {[%clk 01:19:26]} {[%emt 00:00:51]} 23. d6
{[%clk 01:29:50]} {[%emt 00:00:49]} Rfe8 {[%clk 01:19:36]} {[%emt 00:00:21]}
24. Rae1 {[%clk 01:29:34]} {[%emt 00:00:45]} h5 {[%clk 01:19:10]} {[%emt
00:00:56]} 25. gxh5 {[%emt 00:00:46]} gxh5 {[%clk 01:19:19]} 26. Qg5+ {[%clk
01:29:58]} {[%emt 00:00:11]} Kf8 {[%clk 01:18:28]} {[%emt 00:01:21]} 27. Qf6+
{[%clk 01:29:58]} {[%emt 00:00:29]} Kg8 {[%clk 01:18:36]} {[%emt 00:00:23]} 28.
e6 {[%clk 01:29:33]} {[%emt 00:00:55]} Rxd6 {[%clk 01:18:51]} {[%emt 00:00:15]}
29. Qf7+ {[%clk 01:29:48]} {[%emt 00:00:15]} Kh8 {[%clk 01:18:41]} {[%emt
00:00:40]} 30. Qxe8+ {[%clk 01:29:36]} {[%emt 00:00:42]} Kg7 {[%clk 01:18:57]}
{[%emt 00:00:14]} 31. Qf7+ {[%clk 01:29:39]} {[%emt 00:00:26]} Kh6 {[%clk
01:18:46]} {[%emt 00:00:41]} 32. e7 {[%clk 01:30:01]} {[%emt 00:00:09]} Rd8
{[%clk 01:18:35]} {[%emt 00:00:40]} 33. Re6+ {[%clk 01:29:59]} {[%emt
00:00:31]} Kg5 {[%clk 01:18:46]} {[%emt 00:00:20]} 34. Rd6 {[%clk 01:29:45]}
{[%emt 00:00:44]} Rxd6 {[%clk 01:18:17]} {[%emt 00:00:59]} 35. e8=Q {[%clk
01:29:58]} {[%emt 00:00:18]} Rd8 {[%clk 01:18:07]} {[%emt 00:00:39]} 36. Qe4
{[%clk 01:30:04]} {[%emt 00:00:23]} Qc5 {[%clk 01:17:23]} {[%emt 00:01:15]} 37.
Qef4# {[%clk 01:29:50]} {[%emt 00:00:45]} 1-0

[Event "DVM U12w 2024"]
[Site "Bad Homburg GER"]
[Date "2024.12.28"]
[Round "3"]
[White "Hendler, Felicitas"]
[Black "Mrugalski, Marie"]
[Result "1-0"]
[Termination "normal"]
[Board "10.1"]
[WhiteElo "1610"]
[BlackElo "1052"]
[WhiteClock "00:36:11"]
[BlackClock "00:40:25"]
[WhiteTeam "SF Brackel 1930"]
[BlackTeam "SV Mülheim-Nord 1931"]
[PlyCount "54"]
[WhiteFideId "34616519"]
[BlackFideId "34613536"]
[EventCountry "GER"]
[EventRounds "7"]
[EventType "team-swiss"]
[EventDate "2024.12.26"]

1. e4 {[%clk 01:30:56]} {[%emt 00:00:03]} c6 {[%clk 01:30:56]} {[%emt
00:00:05]} 2. d4 {[%clk 01:30:27]} {[%emt 00:00:59]} d5 {[%clk 01:31:19]}
{[%emt 00:00:08]} 3. exd5 {[%clk 01:29:58]} {[%emt 00:00:59]} cxd5 {[%clk
01:31:37]} {[%emt 00:00:12]} 4. c4 {[%clk 01:29:21]} {[%emt 00:01:06]} Nf6
{[%clk 01:30:40]} {[%emt 00:01:28]} 5. Nc3 {[%clk 01:28:29]} {[%emt 00:01:21]}
Bg4 {[%clk 01:30:10]} {[%emt 00:01:00]} 6. Qb3 {[%clk 01:19:54]} {[%emt
00:09:04]} Bc8 {[%clk 01:20:26]} {[%emt 00:10:14]} 7. cxd5 {[%clk 01:18:31]}
{[%emt 00:01:54]} Nbd7 {[%clk 01:15:05]} {[%emt 00:05:51]} 8. a4 {[%clk
01:11:41]} {[%emt 00:07:20]} Qa5 {[%clk 01:11:46]} {[%emt 00:03:48]} 9. Bd2
{[%clk 01:08:58]} {[%emt 00:03:13]} Qc7 {[%clk 01:09:16]} {[%emt 00:03:00]} 10.
Nf3 {[%clk 01:07:29]} {[%emt 00:01:59]} a5 {[%clk 01:09:06]} {[%emt 00:00:40]}
11. Nb5 {[%clk 01:04:27]} {[%emt 00:03:32]} Qb6 {[%clk 01:04:23]} {[%emt
00:05:13]} 12. Bf4 {[%clk 00:59:14]} {[%emt 00:05:43]} e5 {[%clk 00:58:09]}
{[%emt 00:06:44]} 13. dxe6 {[%clk 00:58:38]} {[%emt 00:01:07]} Bb4+ {[%clk
00:57:22]} {[%emt 00:01:16]} 14. Kd1 {[%clk 00:56:45]} {[%emt 00:02:22]} O-O
{[%clk 00:53:38]} {[%emt 00:04:16]} 15. exd7 {[%clk 00:56:38]} {[%emt
00:00:36]} Bxd7 {[%clk 00:53:27]} {[%emt 00:00:41]} 16. Bc7 {[%clk 00:48:20]}
{[%emt 00:08:48]} Qc6 {[%clk 00:49:26]} {[%emt 00:04:30]} 17. Ne5 {[%clk
00:41:33]} {[%emt 00:07:17]} Qe4 {[%clk 00:48:10]} {[%emt 00:01:47]} 18. Qe3
{[%clk 00:39:30]} {[%emt 00:02:33]} Qh4 {[%clk 00:43:50]} {[%emt 00:04:49]} 19.
Nf3 {[%clk 00:36:46]} {[%emt 00:03:14]} Qh5 {[%clk 00:43:03]} {[%emt 00:01:18]}
20. Qg5 {[%clk 00:35:32]} {[%emt 00:01:43]} Qxg5 {[%clk 00:41:44]} {[%emt
00:01:50]} 21. Nxg5 {[%clk 00:35:49]} {[%emt 00:00:13]} Rfe8 {[%clk 00:41:51]}
{[%emt 00:00:22]} 22. Bc4 {[%clk 00:35:34]} {[%emt 00:00:44]} Bg4+ {[%clk
00:41:33]} {[%emt 00:00:50]} 23. f3 {[%clk 00:35:26]} {[%emt 00:00:38]} Bf5
{[%clk 00:41:35]} {[%emt 00:00:27]} 24. Bxf7+ {[%clk 00:35:31]} {[%emt
00:00:25]} Kf8 {[%clk 00:41:28]} {[%emt 00:00:38]} 25. Bxe8 {[%clk 00:35:49]}
{[%emt 00:00:12]} Rxe8 {[%clk 00:40:42]} {[%emt 00:01:16]} 26. Bd6+ {[%clk
00:35:52]} {[%emt 00:00:27]} Bxd6 {[%clk 00:40:44]} {[%emt 00:00:28]} 27. Nxd6
{[%clk 00:36:11]} {[%emt 00:00:10]} Bd3 {[%clk 00:40:25]} {[%emt 00:00:48]} 1-0

[Event "DVM U12w 2024"]
[Site "Bad Homburg GER"]
[Date "2024.12.28"]
[Round "3"]
[White "Schindler, Amilia"]
[Black "Ising, Svea"]
[Result "0-1"]
[Termination "normal"]
[Board "10.2"]
[WhiteElo "790"]
[BlackElo "1221"]
[WhiteClock "01:33:19"]
[BlackClock "01:09:25"]
[WhiteTeam "SV Mülheim-Nord 1931"]
[BlackTeam "SF Brackel 1930"]
[PlyCount "38"]
[WhiteFideId "533018782"]
[BlackFideId "34634070"]
[EventCountry "GER"]
[EventRounds "7"]
[EventType "team-swiss"]
[EventDate "2024.12.26"]

1. e4 {[%clk 01:30:57]} {[%emt 00:00:03]} e5 {[%clk 01:31:25]} {[%emt
00:00:05]} 2. Nf3 {[%clk 01:31:16]} {[%emt 00:00:11]} Nc6 {[%clk 01:31:48]}
{[%emt 00:00:07]} 3. Bc4 {[%clk 01:31:28]} {[%emt 00:00:18]} Bc5 {[%clk
01:32:08]} {[%emt 00:00:10]} 4. Nc3 {[%clk 01:31:44]} {[%emt 00:00:15]} d6
{[%clk 01:31:50]} {[%emt 00:00:47]} 5. d3 {[%clk 01:32:07]} {[%emt 00:00:07]}
h6 {[%clk 01:31:58]} {[%emt 00:00:22]} 6. Be3 {[%clk 01:32:25]} {[%emt
00:00:12]} Bb6 {[%clk 01:32:23]} {[%emt 00:00:06]} 7. h3 {[%clk 01:32:31]}
{[%emt 00:00:23]} Nf6 {[%clk 01:32:11]} {[%emt 00:00:41]} 8. Bxb6 {[%clk
01:32:46]} {[%emt 00:00:15]} axb6 {[%clk 01:32:35]} {[%emt 00:00:06]} 9. O-O
{[%clk 01:33:06]} {[%emt 00:00:10]} g5 {[%clk 01:32:31]} {[%emt 00:00:35]} 10.
Nd2 {[%clk 01:33:23]} {[%emt 00:00:13]} Rg8 {[%clk 01:30:28]} {[%emt 00:02:32]}
11. Qf3 {[%clk 01:33:07]} {[%emt 00:00:45]} g4 {[%clk 01:28:42]} {[%emt
00:02:17]} 12. hxg4 {[%clk 01:33:26]} {[%emt 00:00:11]} Bxg4 {[%clk 01:28:51]}
{[%emt 00:00:20]} 13. Qe3 {[%clk 01:33:29]} {[%emt 00:00:28]} h5 {[%clk
01:24:53]} {[%emt 00:04:29]} 14. Nd5 {[%clk 01:33:16]} {[%emt 00:00:42]} Nxd5
{[%clk 01:24:12]} {[%emt 00:01:10]} 15. Bxd5 {[%clk 01:33:39]} {[%emt
00:00:09]} Qh4 {[%clk 01:21:51]} {[%emt 00:02:50]} 16. g3 {[%clk 01:33:08]}
{[%emt 00:01:01]} Qh3 {[%clk 01:16:55]} {[%emt 00:05:26]} 17. Qh6 {[%clk
01:33:05]} {[%emt 00:00:33]} O-O-O {[%clk 01:14:20]} {[%emt 00:03:05]} 18. Qh7
{[%clk 01:33:17]} {[%emt 00:00:17]} Nd4 {[%clk 01:09:25]} {[%emt 00:05:25]} 19.
Qxf7 {[%clk 01:33:19]} {[%emt 00:00:29]} Ne2# {[%emt 00:00:31]} 0-1

[Event "DVM U12w 2024"]
[Site "Bad Homburg GER"]
[Date "2024.12.28"]
[Round "3"]
[White "Kuznetsova, Sofia"]
[Black "Schindler, Mailin"]
[Result "1-0"]
[Termination "normal"]
[Board "10.3"]
[WhiteElo "926"]
[BlackElo "884"]
[WhiteClock "01:32:29"]
[BlackClock "01:30:08"]
[WhiteTeam "SF Brackel 1930"]
[BlackTeam "SV Mülheim-Nord 1931"]
[PlyCount "57"]
[WhiteFideId "34693653"]
[BlackFideId "533009163"]
[EventCountry "GER"]
[EventRounds "7"]
[EventType "team-swiss"]
[EventDate "2024.12.26"]

1. e4 {[%clk 01:30:58]} e5 {[%emt 16:08:07]} 2. Nf3 Nc6 3. Bc4 Nf6 4. Ng5 Qe7
5. Nxf7 Rg8 {[%clk 01:30:47]} 6. Nxe5 {[%clk 01:31:25]} Qxe5 {[%clk 01:31:43]}
{[%emt 00:02:48]} 7. Bxg8 {[%clk 01:32:31]} Nxe4 {[%clk 01:31:41]} {[%emt
00:00:44]} 8. O-O {[%clk 01:32:41]} Bd6 {[%clk 01:31:47]} {[%emt 00:00:45]} 9.
g3 {[%clk 01:32:52]} Bc5 {[%emt 00:00:36]} 10. Bxh7 Nxg3 {[%clk 01:31:59]} 11.
Re1 {[%clk 01:32:01]} Ne4 {[%clk 01:32:15]} 12. Rxe4 {[%clk 01:32:01]} d6
{[%clk 01:31:59]} 13. Rxe5+ {[%clk 01:32:01]} dxe5 {[%clk 01:31:59]} 14. Qh5+
{[%clk 01:32:01]} Kd8 {[%clk 01:31:59]} 15. d4 {[%clk 01:32:01]} Bxd4 {[%clk
01:31:59]} 16. Bg5+ {[%clk 01:32:01]} Ne7 {[%clk 01:31:59]} 17. Bxe7+ {[%clk
01:32:01]} Kxe7 {[%clk 01:31:59]} {[%emt 00:08:45]} 18. Qg5+ {[%clk 01:31:46]}
{[%emt 00:00:53]} Kd6 {[%clk 01:32:10]} {[%emt 00:00:19]} 19. Nc3 {[%clk
01:32:02]} {[%emt 00:00:13]} Bh3 {[%clk 01:32:05]} {[%emt 00:00:35]} 20. Nb5+
{[%clk 01:32:07]} {[%emt 00:00:25]} Kc5 {[%clk 01:32:02]} {[%emt 00:00:34]} 21.
Nxd4 {[%clk 01:32:10]} {[%emt 00:00:27]} Kxd4 {[%clk 01:32:09]} {[%emt
00:00:22]} 22. Qh4+ {[%clk 01:32:17]} {[%emt 00:00:23]} Kd5 {[%clk 01:32:03]}
{[%emt 00:00:36]} 23. Rd1+ {[%clk 01:32:29]} {[%emt 00:00:18]} Kc5 {[%clk
01:32:10]} {[%emt 00:00:22]} 24. Qxh3 {[%clk 01:31:55]} {[%emt 00:01:05]} b5
{[%clk 01:32:02]} {[%emt 00:00:38]} 25. Qc3+ {[%clk 01:31:58]} {[%emt
00:00:26]} Kb6 {[%clk 01:31:31]} {[%emt 00:01:02]} 26. Be4 {[%clk 01:31:37]}
{[%emt 00:00:51]} Rf8 {[%clk 01:29:57]} {[%emt 00:02:05]} 27. b4 {[%clk
01:31:51]} {[%emt 00:00:15]} c5 {[%clk 01:30:00]} {[%emt 00:00:26]} 28. Qxc5+
{[%clk 01:32:05]} {[%emt 00:00:16]} Ka6 {[%clk 01:30:08]} {[%emt 00:00:22]} 29.
Qc6# {[%clk 01:32:29]} {[%emt 00:00:06]} 1-0

[Event "DVM U12w 2024"]
[Site "Bad Homburg GER"]
[Date "2024.12.28"]
[Round "3"]
[White "Winkler, Helena"]
[Black "Augustin, Luisa"]
[Result "1/2-1/2"]
[Termination "normal"]
[Board "10.4"]
[WhiteElo "778"]
[BlackElo "797"]
[WhiteClock "01:37:43"]
[BlackClock "01:31:07"]
[WhiteTeam "SV Mülheim-Nord 1931"]
[BlackTeam "SF Brackel 1930"]
[PlyCount "78"]
[WhiteFideId "533018847"]
[BlackFideId "533025983"]
[EventCountry "GER"]
[EventRounds "7"]
[EventType "team-swiss"]
[EventDate "2024.12.26"]

1. e4 {[%clk 01:30:57]} {[%emt 00:00:03]} e5 {[%clk 01:30:55]} {[%emt
00:00:05]} 2. Nf3 {[%emt 00:00:05]} Nc6 {[%clk 01:31:17]} {[%emt 00:00:05]} 3.
Nc3 {[%clk 01:31:40]} {[%emt 00:00:15]} Nf6 {[%clk 01:31:35]} {[%emt 00:00:12]}
4. d3 {[%clk 01:32:02]} {[%emt 00:00:08]} h6 {[%clk 01:31:55]} {[%emt
00:00:11]} 5. Be2 {[%clk 01:32:23]} {[%emt 00:00:08]} Bc5 {[%clk 01:32:08]}
{[%emt 00:00:17]} 6. O-O {[%clk 01:32:41]} {[%emt 00:00:12]} O-O {[%clk
01:32:32]} {[%emt 00:00:06]} 7. Be3 {[%clk 01:33:05]} {[%emt 00:00:07]} Bb6
{[%clk 01:32:49]} {[%emt 00:00:13]} 8. Nd5 {[%clk 01:32:54]} {[%emt 00:00:40]}
Nxd5 {[%clk 01:32:36]} {[%emt 00:00:43]} 9. exd5 {[%clk 01:33:11]} {[%emt
00:00:13]} Nd4 {[%clk 01:32:50]} {[%emt 00:00:16]} 10. c3 {[%clk 01:33:08]}
{[%emt 00:00:33]} Nxf3+ {[%clk 01:33:03]} {[%emt 00:00:17]} 11. Bxf3 {[%clk
01:33:23]} {[%emt 00:00:15]} d6 {[%clk 01:33:08]} {[%emt 00:00:25]} 12. d4
{[%clk 01:33:34]} {[%emt 00:00:19]} exd4 {[%clk 01:33:10]} {[%emt 00:00:28]}
13. Bxd4 {[%clk 01:33:54]} {[%emt 00:00:10]} Re8 {[%clk 01:33:22]} {[%emt
00:00:18]} 14. Re1 {[%clk 01:34:03]} {[%emt 00:00:20]} Bf5 {[%clk 01:33:30]}
{[%emt 00:00:22]} 15. b4 {[%clk 01:33:57]} {[%emt 00:00:37]} Rxe1+ {[%clk
01:32:34]} {[%emt 00:01:26]} 16. Qxe1 {[%clk 01:34:13]} {[%emt 00:00:13]} Qe8
{[%clk 01:32:56]} {[%emt 00:00:09]} 17. a4 {[%clk 01:34:07]} {[%emt 00:00:36]}
Qf8 {[%clk 01:30:42]} {[%emt 00:02:44]} 18. a5 {[%clk 01:34:17]} {[%emt
00:00:21]} Bxd4 {[%clk 01:31:01]} {[%emt 00:00:11]} 19. cxd4 {[%clk 01:34:38]}
{[%emt 00:00:09]} Re8 {[%clk 01:31:22]} {[%emt 00:00:09]} 20. Qd2 {[%clk
01:34:45]} {[%emt 00:00:21]} Qe7 {[%clk 01:30:41]} {[%emt 00:01:13]} 21. h3
{[%clk 01:34:53]} {[%emt 00:00:22]} Be4 {[%clk 01:30:10]} {[%emt 00:01:01]} 22.
Re1 {[%clk 01:34:09]} {[%emt 00:01:13]} f5 {[%clk 01:28:48]} {[%emt 00:01:52]}
23. Bh5 {[%clk 01:34:11]} {[%emt 00:00:28]} Rf8 {[%clk 01:27:22]} {[%emt
00:01:57]} 24. f3 {[%clk 01:34:10]} {[%emt 00:00:31]} Qh4 {[%clk 01:27:13]}
{[%emt 00:00:39]} 25. fxe4 {[%emt 00:00:49]} Qxh5 {[%emt 00:00:13]} 26. exf5
{[%emt 00:00:20]} Rxf5 {[%emt 00:00:12]} 27. Re7 {[%clk 01:34:27]} {[%emt
00:00:04]} Qg5 {[%clk 01:27:44]} {[%emt 00:00:33]} 28. Qxg5 {[%clk 01:34:43]}
{[%emt 00:00:15]} Rxg5 {[%clk 01:27:54]} {[%emt 00:00:20]} 29. Rxc7 {[%emt
00:00:27]} Rxd5 {[%emt 00:00:10]} 30. Rxb7 {[%clk 01:35:11]} {[%emt 00:00:05]}
Rxd4 {[%clk 01:28:38]} {[%emt 00:00:06]} 31. Rxa7 {[%clk 01:35:27]} {[%emt
00:00:15]} Rxb4 {[%emt 00:00:11]} 32. a6 {[%clk 01:36:03]} {[%emt 00:00:08]}
Ra4 33. Ra8+ {[%emt 00:00:51]} Kh7 {[%clk 01:30:33]} 34. a7 {[%clk 01:36:59]}
{[%emt 00:00:23]} d5 {[%clk 01:30:52]} {[%emt 00:00:11]} 35. Rd8 {[%clk
01:37:15]} {[%emt 00:00:12]} Rxa7 {[%clk 01:31:14]} {[%emt 00:00:09]} 36. Rxd5
{[%clk 01:37:36]} {[%emt 00:00:08]} g5 {[%clk 01:31:07]} {[%emt 00:00:38]} 37.
g4 {[%emt 00:00:28]} Ra3 38. Kh2 {[%emt 00:00:11]} Kg6 {[%emt 00:00:22]} 39.
Rd6+ {[%clk 01:37:43]} {[%emt 00:00:04]} Kh7 {[%emt 00:00:09]} 1/2-1/2